[Event "Bodensee op 9th"]
[Site "Bregenz"]
[Date "2025.06.01"]
[Round "9"]
[White "Arndt, Stefan"]
[Black "Besser, Jochen"]
[Result "1-0"]
[WhiteElo "2107"]
[BlackElo "1846"]
[PlyCount "49"]
[EventDate "2025.05.24"]
[EventType "swiss"]
[EventRounds "9"]
[EventCountry "AUT"]
[SourceTitle "CB23_2025"]
[SourceDate "2025.06.04"]
[SourceVersion "1"]
[SourceVersionDate "2025.06.04"]
[SourceQuality "1"]

1. e4 c5 2. Nc3 e6 3. Nge2 Nc6 4. g3 d5 5. exd5 exd5 6. d4 Nf6 7. Bg2 cxd4 8. Nxd4 Be7 9. 0-0 0-0 10. h3 h6 11. Be3 Bb4 12. Nce2 Re8 13. Nf4 Be6 14. c3 Ba5 15. Qb3 Qd7 16. Rad1 Rad8 17. Rfe1 Qc8 18. Qa3 Qc7 19. Nb5 Qb8 20. Bxa7 Nxa7 21. Qxa5 Nc6 22. Qa3 Ne4 23. c4 g5 24. Nxd5 Bxd5 25. cxd5 1-0

[Event "Prague op 23rd"]
[Site "Prague"]
[Date "2025.01.16"]
[Round "8"]
[White "Arndt, Stefan"]
[Black "Musil, Vitezslav"]
[Result "1-0"]
[WhiteElo "2132"]
[BlackElo "1937"]
[PlyCount "89"]
[EventDate "2025.01.10"]
[EventType "swiss"]
[EventRounds "9"]
[EventCountry "CZE"]
[SourceTitle "CB04_2025"]
[SourceDate "2025.01.22"]
[SourceVersion "1"]
[SourceVersionDate "2025.01.22"]
[SourceQuality "1"]

1. d4 Nf6 2. Nf3 g6 3. c4 Bg7 4. e3 d6 5. Be2 c6 6. 0-0 0-0 7. Nc3 a6 8. a4 a5 9. b3 Na6 10. Ba3 c5 11. Qd2 Bf5 12. Bd3 Bxd3 13. Qxd3 Nb4 14. Qe2 Nd7 15. Rad1 b6 16. Nb5 h6 17. d5 f5 18. e4 Kh7 19. exf5 Rxf5 20. Rfe1 Ne5 21. Nh4 Rh5 22. g3 Qf8 23. f4 Rxh4 24. fxe5 Rh5 25. exd6 exd6 26. Rf1 Re8 27. Qxh5 gxh5 28. Rxf8 Bxf8 29. Bxb4 axb4 30. Kf2 Re5 31. Re1 Rxe1 32. Kxe1 Kg6 33. Na7 Kf7 34. Ke2 Ke8 35. Kf3 Kd7 36. Ke4 Be7 37. Nc6 Bg5 38. h3 Bd2 39. Kf5 Be1 40. Kg6 Bxg3 41. Kxh6 h4 42. Kg5 Be1 43. Kf6 Bc3+ 44. Kf7 Bd2 45. Ne7 1-0

[Event "Prague op 23rd"]
[Site "Prague"]
[Date "2025.01.11"]
[Round "3"]
[White "Topencik, Bruno"]
[Black "Arndt, Stefan"]
[Result "1-0"]
[WhiteElo "1985"]
[BlackElo "2132"]
[PlyCount "69"]
[EventDate "2025.01.10"]
[EventType "swiss"]
[EventRounds "9"]
[EventCountry "CZE"]
[SourceTitle "CB04_2025"]
[SourceDate "2025.01.22"]
[SourceVersion "1"]
[SourceVersionDate "2025.01.22"]
[SourceQuality "1"]

1. e4 c6 2. d4 d5 3. e5 Bf5 4. c4 e6 5. Nc3 Ne7 6. a3 dxc4 7. Bxc4 Nd7 8. Nge2 Nb6 9. Bb3 Qd7 10. 0-0 0-0-0 11. Be3 h6 12. a4 Nbd5 13. a5 Bg4 14. Qd2 Bxe2 15. Qxe2 Kb8 16. Bc2 g5 17. Ne4 Nf5 18. Rfd1 Qc7 19. Ng3 Ndxe3 20. fxe3 Nxg3 21. hxg3 h5 22. a6 b6 23. Rac1 Bb4 24. Be4 c5 25. Rf1 f5 26. exf6 Qxg3 27. Rcd1 cxd4 28. Rxd4 Bc5 29. Rfd1 Bxd4 30. exd4 Qf4 31. Rf1 Qd6 32. Rd1 e5 33. Bf3 Rd7 34. Qe4 Qxf6 35. Rc1 1-0

[Event "Hradec Kralove op 11th"]
[Site "Hradec Kralove"]
[Date "2022.11.12"]
[Round "9"]
[White "Sykora, Marek1"]
[Black "Arndt, Stefan"]
[Result "1-0"]
[WhiteElo "2251"]
[BlackElo "2176"]
[PlyCount "247"]
[EventDate "2022.11.05"]
[EventType "swiss"]
[EventRounds "9"]
[EventCountry "CZE"]
[SourceTitle "CBM 211 Extra"]
[Source "ChessBase"]
[SourceDate "2023.01.31"]
[SourceVersion "1"]
[SourceVersionDate "2023.01.31"]
[SourceQuality "1"]

1. e4 e5 2. Nf3 Nc6 3. Bc4 Nf6 4. Ng5 d5 5. exd5 Na5 6. Bb5+ c6 7. dxc6 bxc6 8. Qf3 Be7 9. Ba4 0-0 10. d3 Ng4 11. Nh3 f5 12. 0-0 Bd6 13. Qe2 f4 14. f3 Nh6 15. Nf2 Nf5 16. Ne4 Be7 17. Nbc3 Nd4 18. Qd1 Rb8 19. Bb3+ Naxb3 20. axb3 a5 21. Bd2 Be6 22. Ne2 Ra8 23. Nxd4 Qxd4+ 24. Kh1 Qb6 25. Bc3 Rf5 26. d4 Bb4 27. Bxb4 Qxb4 28. dxe5 Rxe5 29. Ra4 Qe7 30. Qd2 Bf5 31. Qxf4 Rf8 32. Qc1 Bxe4 33. Rxe4 Rxe4 34. fxe4 Qxe4 35. Rxf8+ Kxf8 36. h3 h6 37. Qd2 Kf7 38. c4 Qf5 39. Kg1 Ke7 40. Qc3 Qc5+ 41. Kf1 Kf7 42. Ke2 Kg8 43. Qe3 Qd6 44. c5 Qg6 45. Kf3 Qf6+ 46. Kg3 Qxb2 47. Qe8+ Kh7 48. Qe4+ Kh8 49. Qxc6 Qe5+ 50. Kf3 Qc3+ 51. Ke4 Qc2+ 52. Ke5 Qc3+ 53. Kd6 Qxb3 54. Qa8+ Kh7 55. Qxa5 Qd3+ 56. Kc7 Qg3+ 57. Kb6 Qb8+ 58. Kc6 Qe8+ 59. Kb7 Qd7+ 60. Qc7 Qb5+ 61. Qb6 Qd7+ 62. Kb8 Qe8+ 63. Ka7 Qa4+ 64. Qa6 Qd7+ 65. Qb7 Qa4+ 66. Kb8 Qe8+ 67. Kc7 Qf7+ 68. Kb6 Qb3+ 69. Kc7 Qf7+ 70. Kb8 Qe8+ 71. Ka7 Qa4+ 72. Qa6 Qd7+ 73. Kb6 Qd8+ 74. Kc6 Qf6+ 75. Kb5 Qb2+ 76. Ka5 Qc3+ 77. Kb6 Qb2+ 78. Qb5 Qd4 79. Ka6 Qd8 80. c6 Qa8+ 81. Kb6 Qb8+ 82. Ka5 Qa7+ 83. Kb4 Qd4+ 84. Qc4 Qb2+ 85. Kc5 Qe5+ 86. Qd5 Qc3+ 87. Kd6 Qb4+ 88. Kd7 Qa4 89. g4 Kh8 90. Ke6 Qa6 91. Ke7 Qa7+ 92. Kd8 Qa8+ 93. Kd7 Qa4 94. Qf5 Kg8 95. h4 Qd4+ 96. Kc8 Qa7 97. Qd5+ Kh8 98. c7 Qa6+ 99. Kd8 Qb6 100. Kd7 Qa7 101. g5 hxg5 102. hxg5 Kh7 103. Qe4+ g6 104. Qe7+ Kg8 105. Ke6 Qa6+ 106. Qd6 Qc8+ 107. Kd5 Qf5+ 108. Kc6 Qc2+ 109. Kd7 Qa4+ 110. Kd8 Qa5 111. Qxg6+ Kf8 112. Qf6+ Kg8 113. Kd7 Qb5+ 114. Qc6 Qd3+ 115. Qd6 Qb5+ 116. Ke6 Qe8+ 117. Kd5 Qb5+ 118. Qc5 Qd7+ 119. Ke5 Qg7+ 120. Ke4 Qg6+ 121. Qf5 Qe8+ 122. Kf4 Qa4+ 123. Qe4 Qd7 124. Qc4+ 1-0

[Event "Hradec Kralove op 11th"]
[Site "Hradec Kralove"]
[Date "2022.11.10"]
[Round "7"]
[White "Gorkiewicz, Mateusz"]
[Black "Arndt, Stefan"]
[Result "1/2-1/2"]
[WhiteElo "2028"]
[BlackElo "2176"]
[PlyCount "137"]
[EventDate "2022.11.05"]
[EventType "swiss"]
[EventRounds "9"]
[EventCountry "CZE"]
[SourceTitle "CBM 211 Extra"]
[Source "ChessBase"]
[SourceDate "2023.01.31"]
[SourceVersion "1"]
[SourceVersionDate "2023.01.31"]
[SourceQuality "1"]

1. e4 e5 2. Nf3 Nc6 3. d4 exd4 4. Bc4 Nf6 5. e5 d5 6. Bb5 Nd7 7. 0-0 Be7 8. Bxc6 bxc6 9. Nxd4 Nb8 10. Nc3 0-0 11. Qf3 Be6 12. Nxe6 fxe6 13. Qg4 Rf5 14. f4 Bc5+ 15. Kh1 Nd7 16. Bd2 Bb4 17. Ne4 Bxd2 18. Nxd2 Qe7 19. Nf3 h5 20. Qg6 Nf8 21. Qg3 c5 22. Nh4 Rf7 23. Rae1 Rb8 24. b3 Rb6 25. f5 exf5 26. Nxf5 Qe6 27. Qg5 Nh7 28. Qxh5 g6 29. Nh6+ Kg7 30. Rxf7+ Qxf7 31. Nxf7 gxh5 32. e6 Nf6 33. Ng5 Kf8 34. e7+ Ke8 35. Kg1 Rb4 36. a3 Rg4 37. Ne6 Kxe7 38. Nxc5+ Kf7 39. Kf2 h4 40. Kf3 Rg5 41. b4 Rf5+ 42. Ke2 Rg5 43. Kf3 Rf5+ 44. Ke2 Rg5 45. Kf2 Ng4+ 46. Kg1 h3 47. Ne6 Rg8 48. Nf4 hxg2 49. Nxd5 Rd8 50. Ne3 Nxe3 51. Rxe3 Rd1+ 52. Kxg2 Rd2+ 53. Kg3 Rxc2 54. h4 c5 55. Kf4 cxb4 56. axb4 Kf6 57. Re4 Rh2 58. Kg4 Ra2 59. Rc4 Ra4 60. Kh5 a5 61. Rc6+ Kg7 62. b5 Rb4 63. b6 Rb5+ 64. Kg4 a4 65. Rc7+ Kg6 66. h5+ Kh6 67. Rc6+ Kg7 68. Rc7+ Kh6 69. Rc6+ 1/2-1/2

[Event "Maastricht Limburg op 14th"]
[Site "Maastricht"]
[Date "2022.06.06"]
[Round "7"]
[White "Kopylov, Daniel"]
[Black "Arndt, Stefan"]
[Result "1-0"]
[WhiteElo "2326"]
[BlackElo "2138"]
[PlyCount "61"]
[EventDate "2022.06.03"]
[EventType "swiss"]
[EventRounds "7"]
[EventCountry "NED"]
[SourceTitle "CBM 208 Extra"]
[Source "ChessBase"]
[SourceDate "2022.07.31"]
[SourceVersion "1"]
[SourceVersionDate "2022.07.31"]
[SourceQuality "1"]

1. e4 e5 2. Nf3 Nc6 3. Bb5 a6 4. Ba4 Nf6 5. 0-0 Be7 6. Re1 b5 7. Bb3 d6 8. c3 0-0 9. h3 Nb8 10. d4 Nbd7 11. Nbd2 Bb7 12. Bc2 c5 13. d5 c4 14. Nf1 Qc7 15. Ng3 g6 16. Bh6 Rfb8 17. Qd2 a5 18. Nh4 b4 19. Nhf5 Bd8 20. Ba4 Nc5 21. Bf8 Nxa4 22. Bxd6 Qxd6 23. Nxd6 Ba6 24. Qh6 Be7 25. Ngf5 Bf8 26. Qg5 Nd7 27. Re3 f6 28. Nh6+ Bxh6 29. Qxh6 Ra7 30. Rg3 Ndc5 31. h4 1-0

[Event "Bad Woerishofen op 36th"]
[Site "Bad Woerishofen"]
[Date "2020.03.14"]
[Round "9"]
[White "Arndt, Stefan"]
[Black "Arnold, Max"]
[Result "0-1"]
[WhiteElo "2160"]
[BlackElo "2283"]
[PlyCount "52"]
[EventDate "2020.03.06"]
[EventType "swiss"]
[EventRounds "9"]
[EventCountry "GER"]
[SourceTitle "CBM 195 Extra"]
[Source "ChessBase"]
[SourceDate "2020.05.31"]
[SourceVersion "1"]
[SourceVersionDate "2020.05.31"]
[SourceQuality "1"]

1. e4 e5 2. Nf3 Nc6 3. Bc4 Nf6 4. d4 exd4 5. e5 Ne4 6. Qe2 Nc5 7. 0-0 Ne6 8. Rd1 d5 9. Bb5 a6 10. Bxc6+ bxc6 11. Nxd4 Nxd4 12. Rxd4 Be7 13. c4 Be6 14. Nc3 0-0 15. Bf4 c5 16. Rd2 d4 17. Ne4 a5 18. b3 a4 19. Rad1 axb3 20. axb3 Qb8 21. Qh5 Ra3 22. Bg5 Bxg5 23. Qxg5 Qxb3 24. Qe7 Ra2 25. Nf6+ gxf6 26. Qxf6 Rfa8 0-1

[Event "Hessen-ch"]
[Site "Frankfurt"]
[Date "2019.05.30"]
[Round "3"]
[White "Arndt, Stefan"]
[Black "Dubiel, Jacek"]
[Result "0-1"]
[WhiteElo "2225"]
[BlackElo "2428"]
[PlyCount "106"]
[EventDate "2019.05.29"]
[EventType "swiss"]
[EventRounds "9"]
[EventCountry "GER"]
[SourceTitle "EXT 2020"]
[Source "ChessBase"]
[SourceDate "2019.10.17"]
[SourceVersion "1"]
[SourceVersionDate "2019.10.17"]
[SourceQuality "1"]

1. e4 c5 2. Nc3 e6 3. Nge2 Nc6 4. g3 d5 5. exd5 exd5 6. d4 cxd4 7. Nxd4 Bb4 8. Bg2 Nge7 9. 0-0 0-0 10. Be3 Ne5 11. Nde2 Be6 12. Nf4 Bg4 13. f3 Nc4 14. Ncxd5 Nxd5 15. Nxd5 Be6 16. Nxb4 Nxe3 17. Qxd8 Rfxd8 18. Rf2 Nd1 19. Re2 Nxb2 20. f4 Rab8 21. c4 Nxc4 22. Rc1 Nd6 23. Rd2 Kf8 24. a4 a5 25. Nd5 b5 26. axb5 Nxb5 27. Ra1 Nc3 28. Rxa5 Rd7 29. Rc5 Nxd5 30. Bxd5 Rbd8 31. Bxe6 Rxd2 32. Bg4 h6 33. Bf3 Rb8 34. Rc1 Rdb2 35. Be4 R8b4 36. Bd3 R4b3 37. Rd1 Ke7 38. Re1+ Kf6 39. Rd1 Rb4 40. Rc1 g6 41. Rc6+ Kg7 42. Bf1 Rd4 43. Rc3 Rdd2 44. h3 Rdc2 45. Rf3 Kf6 46. Rd3 Rc1 47. Rf3 Kf5 48. Rf2 Rxf2 49. Kxf2 Rc2+ 50. Kf3 Rc3+ 51. Kf2 h5 52. Be2 h4 53. Bg4+ Ke4 0-1